01408nam a22003134a 4500001000400000003000800004005001700012008004100029020001800070040000800088041000800096082001600104245012700120260004400247300001300291520055500304650002700859650003200886650002100918650001500939650001400954655001200968655001600980700002000996700002501016700001601041700001801057700001901075515BR-RjBN20260521073201.0130101s2013 rj 000 f por d a9788501403254 bpor1 apor a028.5bL78813aO livro das princesas :bnovos contos de fadas /cPaula Pimenta, Patrícia Barboza, Meg Cabot, Lauren Kate, Carina Rissi. aRio de Janeiro :bGalera Record,c2013. a288 p. ; aColetânea de contos que reinventa histórias clássicas de princesas em versões modernas e contemporâneas. As autoras apresentam releituras de contos de fadas conhecidos, trazendo personagens atuais e situações próximas da realidade dos jovens leitores. Entre os destaques estão uma Cinderela DJ, uma Rapunzel popstar, uma versão moderna de A Bela e a Fera e uma releitura de A Bela Adormecida envolvendo unicórnios e magia. A obra reúne romance, fantasia, humor e temas ligados ao amadurecimento e à descoberta da identidade. 0aLiteratura brasileira. 0aLiteratura norte-americana. 0aContos de fadas. 0aPrincesas. 0aFantasia. 0aContos. 0aFicção.1 aPimenta, Paula.1 aBarboza, Patrícia.1 aCabot, Meg.1 aKate, Lauren.1 aRissi, Carina.